000 00466nam a2200181Ia 4500
001 3180
005 20260306144901.0
008 260306t2012||||xx |||||||||||||| ||spa||
041 _aESP
082 _a261.8
_bM41
100 _aMelé, Domènec
_eAUT
245 0 _aCristianos en la sociedad:
_bintroducción a la doctrina social de la iglesia
260 _c2012
300 _a251 páginas :
_c20 cm.
650 _aGEN
654 _aCHU
942 _cLIB
_dJUS
_fJUS
_2ddc
_n
999 _c3180
_d3180